[Event "11th Kesarovski-Stanchev Mem"]
[Site "Sunny Beach BUL"]
[Date "2012.09.09"]
[Round "9.49"]
[White "Ljangov,P"]
[Black "Valev,Dimitar"]
[Result "1-0"]
[WhiteElo "2088"]
[BlackElo "1730"]

1.e4 c5 2.Nf3 d6 3.Nc3 Nf6 4.d4 cxd4 5.Nxd4 Nc6 6.Bg5 e6 7.Qd2 a6 8.O-O-O h6
9.Bf4 Bd7 10.Nf3 e5 11.Be3 Be7 12.h3 O-O 13.g4 b5 14.Bd3 Nh7 15.Nd5 Bg5 16.Nxg5 Nxg5
17.Bb6 Qc8 18.Bc7 Nxh3 19.Rxh3 Bxg4 20.Rg3 Bxd1 21.Kxd1 Qe6 22.Bb6 Rab8 23.Be3 Kh7
24.Be2 Ne7 25.Bg4 f5 26.Nxe7 fxg4 27.Nd5 Rb7 28.Qa5 Qg6 29.Qxa6 Rbf7 30.Qc6 Kh8
31.Nc3 b4 32.Ne2 h5 33.Qc4 h4 34.Rg2 h3 35.Rh2 Rb7 36.Qd5 Rff7 37.Ng3 Qf6
38.Qd3 Rbd7 39.Kc1 Qd8 40.Qa6 Qe7 41.Nh5 Qe6 42.Qc8+  1-0

[Event "zt 3.5 China Men 2012"]
[Site "Beijing CHN"]
[Date "2012.09.18"]
[Round "8.13"]
[White "Liu Guanchu"]
[Black "Bao,Q"]
[Result "0-1"]
[WhiteElo "2232"]
[BlackElo "2113"]

1.e4 c5 2.Nf3 Nc6 3.d4 cxd4 4.Nxd4 Nf6 5.Nc3 d6 6.Bg5 e6 7.Qd2 a6 8.O-O-O h6
9.Be3 Bd7 10.f3 Qc7 11.Kb1 Ne5 12.g4 b5 13.a3 Rb8 14.h4 g6 15.Qg2 Bg7 16.g5 hxg5
17.hxg5 Nh5 18.Na2 a5 19.b3 Qb7 20.Nc3 Nc4 21.bxc4 bxc4+ 22.Kc1 Qb2+ 23.Kd2 Rb3
24.Nce2 Rd3+ 25.Ke1 Rxe3 26.Kf2 Rxa3  0-1

[Event "zt 3.5 China Men 2012"]
[Site "Beijing CHN"]
[Date "2012.09.20"]
[Round "11.16"]
[White "Xu,Xiangyu"]
[Black "Yu,Chaojie"]
[Result "1/2-1/2"]
[WhiteElo "1990"]
[BlackElo "2159"]

1.e4 c5 2.Nf3 d6 3.d4 Nf6 4.Nc3 cxd4 5.Nxd4 Nc6 6.Bg5 e6 7.Qd2 a6 8.O-O-O Bd7
9.f3 b5 10.g4 h6 11.Be3 Nxd4 12.Bxd4 Qc7 13.h4 b4 14.Ne2 e5 15.Bf2 Be6 16.Qxb4 d5
17.Qc3 Qxc3 18.Nxc3 dxe4 19.Be2 exf3 20.Bxf3 Rd8 21.Bc6+ Bd7 22.Nd5 Nxd5
23.Bxd5 Be7 24.Bb6 Rc8 25.Bxf7+ Kxf7 26.Rxd7 Rc6 27.Ba5 Ke6 28.Rd3 Rc4 29.Rg3 Rf8
30.Bd2 Rf2 31.g5 h5 32.Bc3 Re4 33.Re1 Kf5 34.Rge3 Rxe3 35.Rxe3 e4 36.Bxg7 Bd6
37.Kd1 Bf4 38.Re2 Rf1+ 39.Re1 Rf2 40.Re2 Rf1+ 41.Re1 Rf2 42.Re2 Rf1+  1/2-1/2

[Event "Caissa GM Sept 2012"]
[Site "Kecskemet HUN"]
[Date "2012.09.23"]
[Round "10.1"]
[White "Sax,G"]
[Black "Ashwin,J"]
[Result "1-0"]
[WhiteElo "2451"]
[BlackElo "2473"]

1.e4 c5 2.Nf3 d6 3.d4 cxd4 4.Nxd4 Nf6 5.Nc3 Nc6 6.Bg5 e6 7.Qd2 a6 8.O-O-O Be7
9.f4 Bd7 10.Nf3 b5 11.Bxf6 gxf6 12.f5 Qb6 13.Kb1 O-O-O 14.g3 Kb8 15.fxe6 fxe6
16.Bh3 Bc8 17.Qe1 Rhe8 18.Rf1 Bf8 19.Ne2 Re7 20.Nfd4 Nxd4 21.Nxd4 Bg7 22.Qb4 Ka8
23.a4 Qc5 24.Qxc5 dxc5 25.Nxe6 Rxd1+ 26.Rxd1 Bxe6 27.Bxe6 Rxe6 28.Rd8+ Kb7
29.Rd7+ Kb6 30.Rxg7 bxa4 31.Rg4 Kb5 32.Ka2 Rd6 33.Rh4 Rd7 34.c3 Re7 35.Rf4 Re6
36.Kb1 a3 37.bxa3 Ka4 38.Kb2 c4 39.e5 fxe5 40.Rxc4+ Kb5 41.Re4 Kc5 42.Kc2 Kd5
43.Kd3 Rh6 44.c4+ Kd6 45.Re2 Rf6 46.Kc3 Rf3+ 47.Kb4 a5+ 48.Ka4 Rc3 49.Re4 h6
50.Kxa5 Rxa3+ 51.Kb4 Rf3 52.Rh4 Rf6 53.Kb5 Re6 54.Re4 Re8 55.Kb4 Rb8+ 56.Kc3 Rf8
57.Kd3 h5 58.Kc3 Rf2 59.Rh4 Rf3+ 60.Kb4 Rf5 61.Kb3 Kc5 62.Re4 Rf3+ 63.Kc2 Rf2+
64.Kd3 Rxh2 65.Rxe5+ Kc6 66.Ke3 h4 67.g4 h3 68.Kf3 Rc2 69.Kg3 Kd6 70.Re1 h2
71.Rh1 Ke7 72.Rxh2 Rxc4 73.Rf2 Rc8 74.Rf5 Ke6 75.Rf4 Rg8 76.Kh4 Rh8+ 77.Kg5 Ke7
78.Kg6 Rg8+ 79.Kh7 Rg5 80.Kh6 Re5 81.g5 Re1 82.g6 Rh1+ 83.Kg7 Re1 84.Rh4 Rg1
85.Re4+ Kd7 86.Kh7 Rh1+ 87.Kg8 Rg1 88.g7 Rh1 89.Kf7 Rf1+ 90.Kg6 Rg1+ 91.Kf6 Rg2
92.Re5 Rf2+ 93.Kg6 Rg2+ 94.Rg5  1-0

[Event "21st TCh-CRO w 2012"]
[Site "Sibenik CRO"]
[Date "2012.09.23"]
[Round "1.21"]
[White "Ionica,I"]
[Black "Madl,I"]
[Result "1/2-1/2"]
[WhiteElo "2211"]
[BlackElo "2329"]

1.e4 c5 2.Nf3 d6 3.d4 cxd4 4.Nxd4 Nf6 5.Nc3 Nc6 6.Bg5 e6 7.Qd2 a6 8.O-O-O Be7
9.f3 Nxd4 10.Qxd4 b5 11.Be3 Bb7 12.g4 O-O 13.h4 d5 14.g5 Nh5 15.exd5 b4 16.Ne4 Qxd5
17.Bc4 Qxd4 18.Bxd4 Rfc8 19.b3 Bd5 20.Bxd5 exd5 21.Nf2 Rc6 22.Ng4 Rac8 23.Rh2 Re6
24.Be5 f6  1/2-1/2

[Event "TCh-SUI National A 2012"]
[Site "Switzerland SUI"]
[Date "2012.09.23"]
[Round "7.6"]
[White "Sermier,G"]
[Black "Weindl,A"]
[Result "1-0"]
[WhiteElo "2413"]
[BlackElo "2339"]

1.e4 c5 2.Nf3 Nc6 3.d4 cxd4 4.Nxd4 Nf6 5.Nc3 d6 6.Bg5 e6 7.Qd2 a6 8.O-O-O Bd7
9.f3 h6 10.Be3 Be7 11.Kb1 b5 12.Nxc6 Bxc6 13.Ne2 e5 14.Ng3 Rc8 15.Nf5 O-O
16.Nxd6 Bxd6 17.Qxd6 Qxd6 18.Rxd6 Rfd8 19.Rxd8+ Rxd8 20.Be2 Nh5 21.Rd1 Rxd1+
22.Bxd1 Nf4 23.Bxf4 exf4 24.Kc1 Kf8 25.Kd2 Ke7 26.Kc3 Kd6 27.Kd4 f6 28.Be2 a5
29.a3 g5 30.b4 axb4 31.axb4 h5 32.c4 bxc4 33.Bxc4 g4 34.b5 Bd7 35.b6 h4 36.fxg4 Bxg4
37.Bd5 f3 38.gxf3 Bxf3 39.Ke3 Bg4 40.Kd4 Bh3 41.Kc3 Bf1 42.Kd4 Bh3 43.Ke3 Bg4
44.Kf4 Bh3 45.b7 Kc7 46.e5 fxe5+ 47.Kg5  1-0

[Event "Vladivostok Russian Cup 2012"]
[Site "Vladivostok RUS"]
[Date "2012.09.23"]
[Round "7.10"]
[White "Belous,V"]
[Black "Batsanin,D"]
[Result "1-0"]
[WhiteElo "2551"]
[BlackElo "2442"]

1.e4 c5 2.Nf3 Nc6 3.d4 cxd4 4.Nxd4 Nf6 5.Nc3 d6 6.Bg5 Qb6 7.Nb3 e6 8.Qe2 Be7
9.O-O-O O-O 10.g4 a6 11.Be3 Qc7 12.g5 Nd7 13.h4 b5 14.h5 Nde5 15.Kb1 b4 16.Na4 d5
17.Nb6 Rb8 18.exd5 exd5 19.Nxd5 Qb7 20.Rg1 Bf5 21.f4 Nd7 22.Na5  1-0

[Event "21st TCh-CRO w 2012"]
[Site "Sibenik CRO"]
[Date "2012.09.25"]
[Round "3.4"]
[White "Raguz,I"]
[Black "Berke,A"]
[Result "1-0"]
[WhiteElo "1918"]
[BlackElo "2145"]

1.e4 c5 2.Nf3 d6 3.d4 cxd4 4.Nxd4 Nf6 5.Nc3 Nc6 6.Bg5 Bd7 7.Bxf6 gxf6 8.Nf5 Rc8
9.Bb5 a6 10.Bxc6 Rxc6 11.O-O Qc8 12.Qd3 Rg8 13.f4 b5 14.Rf2 Rc4 15.Rd1 h5
16.Kh1 Rc5 17.Nd5 Qd8 18.b4 Rc6 19.Nd4 Rc4 20.Re1 e6 21.e5 Be7 22.Qh7 Rf8
23.exf6 Bxf6 24.Nf5 Rc6 25.Qh6 Bh8 26.Qxh5 e5 27.Qh7 Be6 28.Nde3 e4 29.Ng7+ Bxg7
30.Qxg7 f5 31.Qg6+ Kd7 32.Qg7+ Rf7 33.Qd4 Qb6 34.Qd2 Qc7 35.Nd5 Bxd5 36.Qxd5 Ke7
37.g4 Rxc2 38.Rxc2 Qxc2 39.gxf5 Kf8 40.Qxd6+ Ke8 41.f6 Qc4 42.Qe5+ Kd7 43.f5 Qd3
44.Qe6+ Kd8 45.Qxe4 Qxe4+ 46.Rxe4 Rxf6 47.Rf4 Ke7 48.Kg2 Rc6 49.Kg3 Kf6 50.h4 Rc2
51.a3 Rc3+ 52.Rf3 Rc1 53.Kg4 Rc4+ 54.Kh5 Rc5 55.Kg4 Rc4+ 56.Kg3 Rc1 57.Kg2 Rc2+
58.Kg3 Rc1 59.Kf4 Rc4+ 60.Kg3 Rc1 61.h5 Rh1 62.Kg4 Rg1+ 63.Rg3 Rh1 64.Kf4 Rf1+
65.Rf3 Rh1 66.Ke4 Rxh5 67.Kd5 Rh8 68.Kc6 Rd8 69.Kc5 Rb8 70.Kc6 Rd8 71.Kc7 Rd1
72.Kb6 Rd6+ 73.Kb7 Kf7 74.f6 Re6 75.Kc7 Re1 76.Kc6 Re6+ 77.Kc5 Re1 78.Kb6 Re6+
79.Kb7 Rd6 80.Rc3 Rxf6 81.Rc7+ Ke8 82.Rc6 Rf7+ 83.Kxa6 Rf3 84.Kxb5 Rxa3 85.Kb6 Kd7
86.b5 Rb3 87.Rc5 Kd6 88.Rc6+ Kd7 89.Rc2 Kd8 90.Ka6 Ra3+ 91.Kb7 Kd7 92.b6 Rb3
93.Rd2+ Ke6 94.Kc6 Rc3+ 95.Kb7 Rb3 96.Rd4 Ke5 97.Rd1 Ke6 98.Rd8 Rb1 99.Ka7 Ra1+
100.Kb8 Rb1 101.b7 Rb2 102.Ka7 Ra2+ 103.Kb6 Rb2+ 104.Kc7 Rc2+ 105.Kb8 Rb2
106.Rd3 Rb1 107.Ra3 Kd7 108.Ka7  1-0

[Event "21st TCh-CRO w 2012"]
[Site "Sibenik CRO"]
[Date "2012.09.26"]
[Round "5.4"]
[White "Hlavac,I"]
[Black "Madl,I"]
[Result "0-1"]
[WhiteElo "1931"]
[BlackElo "2329"]

1.e4 c5 2.Nf3 Nc6 3.d4 cxd4 4.Nxd4 Nf6 5.Nc3 d6 6.Bg5 e6 7.Qd2 a6 8.O-O-O Bd7
9.f4 Be7 10.Be2 Qc7 11.Nf3 O-O-O 12.Rhe1 Kb8 13.Kb1 Bc8 14.Bd3 h6 15.Bh4 Rhe8
16.g4 Qa5 17.h3 Nd7 18.Bxe7 Rxe7 19.Bc4 Nc5 20.Nd4 Qb6 21.Nb3 Qc7 22.Qf2 b6
23.e5 dxe5 24.Rxd8 Nxd8 25.Nxc5 Qxc5 26.Qxc5 bxc5 27.Rxe5 Rd7 28.Bd3 Rd4
29.Re4 Bb7 30.Rxd4 cxd4 31.Ne2 Nc6 32.Be4 g5 33.fxg5 hxg5 34.Kc1 Kc7 35.Kd2 e5
36.Bd5 Nd8 37.Bxb7 Nxb7 38.Ng3 Nd6 39.Kd3 Kc6 40.a3 Kd5 41.b3 e4+ 42.Kd2 Ke5
43.Ne2 a5 44.a4 Nb7 45.Ng3 Nd6 46.Ne2 f5 47.gxf5 Nxf5 48.c3 d3 49.Nc1 Kf4
50.b4 axb4 51.cxb4 Kg3 52.a5 Nd6 53.a6 Nc4+ 54.Kd1 Kxh3 55.a7 Nb6 56.Na2 g4
57.Nc3 g3 58.Nxe4 g2 59.Ng5+ Kg4  0-1

[Event "Tatry Open 2012"]
[Site "Tatranske Zruby SVK"]
[Date "2012.09.26"]
[Round "5.54"]
[White "Sepesi,Samuel"]
[Black "Vermirovsky,V"]
[Result "0-1"]
[WhiteElo "1918"]
[BlackElo "2044"]

1.e4 c5 2.Nf3 d6 3.d4 cxd4 4.Nxd4 Nf6 5.Nc3 Nc6 6.Bg5 e6 7.Qd2 a6 8.O-O-O h6
9.Bh4 Nxe4 10.Qf4 g5 11.Qxe4 gxh4 12.Nxc6 bxc6 13.Qxc6+ Bd7 14.Qf3 Rb8 15.Bc4 Qb6
16.Bb3 Be7 17.Rhe1 Bc6 18.Qg4 Kf8 19.f4 Qc5 20.Qe2 a5 21.f5 Qxf5 22.Rf1 Qg5+
23.Kb1 Kg7 24.Rxd6 Rxb3 25.Rxc6 Rb7 26.Ne4 Qe5 27.c3 Rhb8 28.b3 a4 29.Qg4+ Bg5
30.Nxg5 hxg5 31.b4 Rb5 32.Rc4 f6 33.Qf3 a3 34.Qf2 f5 35.Qa7+ R8b7 36.Qxa3 Qe2
37.Qc1 Qxc4 38.Qxg5+ Kf8 39.Qf6+ Ke8 40.Qg6+ Ke7 41.Qg7+ Kd6 42.Qf8+ Kc6
43.Qe8+ Kb6 44.Rd1 Qxc3 45.Qxe6+ Ka7  0-1

[Event "Baku Open 2012"]
[Site "Baku AZE"]
[Date "2012.09.27"]
[Round "5.12"]
[White "Abdulov,Or"]
[Black "Abasov,N"]
[Result "1/2-1/2"]
[WhiteElo "2382"]
[BlackElo "2461"]

1.e4 c5 2.Nf3 d6 3.d4 cxd4 4.Nxd4 Nf6 5.Nc3 Nc6 6.Bg5 e6 7.Be2 Be7 8.O-O O-O
9.Kh1 h6 10.Bh4 Qb6 11.Nxc6 bxc6 12.Rb1 g5 13.Bg3 e5 14.h4 Be6 15.Qd2 Nd7
16.b4 Kg7 17.a4 a5 18.b5 Rfc8 19.f3 Qc7 20.Rfd1 cxb5 21.Nxb5 Qxc2 22.Bf1 Qxd2
23.Rxd2 gxh4 24.Bf2 Nc5 25.Nxd6 Bxd6 26.Rxd6 Nxa4 27.Bxh4 Nc3 28.Rb7 Kg8
29.Ra6 Rxa6 30.Bxa6 Ra8 31.Bd3 a4 32.Bf6 a3 33.Bxe5 Na4 34.Bc2 a2 35.Bxa4 f6
36.Bxf6 Rxa4 37.Rg7+ Kf8 38.Rh7 a1=Q+ 39.Bxa1 Rxa1+ 40.Kh2 Ra2 41.Rxh6 Bc4
42.f4 Bd3 43.Re6 Re2 44.Kg1 Kf7 45.f5 Bc4 46.Re5 Kf6 47.Re8 Kg5 48.Re7 Kf6
49.Re8 Kf7 50.Re5 Bd3 51.Re6 Bc4 52.Re5  1/2-1/2

[Event "Tatry Open 2012"]
[Site "Tatranske Zruby SVK"]
[Date "2012.09.27"]
[Round "6.60"]
[White "Sepesi,Samuel"]
[Black "Kolesar,Mil"]
[Result "0-1"]
[WhiteElo "1918"]
[BlackElo "2173"]

1.e4 c5 2.Nf3 d6 3.d4 cxd4 4.Nxd4 Nf6 5.Nc3 Nc6 6.Bg5 e6 7.Qd2 a6 8.O-O-O Bd7
9.f4 b5 10.Bxf6 gxf6 11.Qe1 Nxd4 12.Rxd4 Qb6 13.Rd1 b4 14.Ne2 Qe3+ 15.Kb1 a5
16.Qh4 Be7 17.f5 e5 18.Ng3 h6 19.Bc4 Qg5 20.Qxg5 hxg5 21.Ne2 Rc8 22.b3 Rh4
23.Ng3 Bc6 24.Rde1 Bd8 25.Re2 Bb6 26.h3 Ke7 27.Rhe1 Rch8 28.Nf1 g4 29.hxg4 Rxg4
30.g3 Bd4 31.Bd3 Rh1 32.Kc1 d5 33.exd5 Bxd5 34.Nd2 Rxe1+ 35.Rxe1 Rxg3 36.Nc4 Rg8
37.Kb1 Ra8 38.Re2 a4 39.bxa4 Rxa4 40.Re1 Kd7 41.Nxe5+ fxe5 42.Bb5+ Bc6 43.Bxa4 Bxa4
44.Rh1 Ke7 45.Kc1 Bd7 46.Rh8 Bxf5 47.Rb8 Bc3 48.Rb5 Be6 49.Rb7+ Kd6 50.Kd1 Bxa2
51.Ke2 Bd5 52.Rb6+ Kc5 53.Rb8 Kd4 54.Rd8 f5 55.Rd6 f4 56.Rd8 f3+ 57.Kf2 e4
58.Re8 Bd2 59.Re7 e3+  0-1

[Event "Tatry Open 2012"]
[Site "Tatranske Zruby SVK"]
[Date "2012.09.28"]
[Round "7.24"]
[White "Zemlicka,V"]
[Black "Frindt,K"]
[Result "1/2-1/2"]
[WhiteElo "2017"]
[BlackElo "2189"]

1.e4 c5 2.Nf3 Nc6 3.d4 cxd4 4.Nxd4 Nf6 5.Nc3 d6 6.Bg5 e6 7.Qd2 h6 8.Be3 Ng4
9.Nxc6 bxc6 10.Bf4 e5 11.Bg3 Be7 12.Bc4 O-O 13.h3 Nf6 14.Qe2 Qa5 15.Bb3 Rb8
16.O-O-O Ba6 17.Qf3 Nd7 18.Kb1 Nc5 19.Qe3 Nxb3 20.axb3 Bc8 21.f4 f6 22.f5 Bd7
23.Bf2 Rb6 24.Qd2 Rb7 25.Nd5 Qxd2 26.Nxe7+ Kf7 27.Rxd2 Kxe7 28.Rhd1 Rfb8
29.Rxd6 Be8 30.Bc5 Kf7 31.Rd8 a6 32.b4 Rxd8 33.Rxd8 Rd7 34.Rxd7+  1/2-1/2

[Event "Leicester H.E. Atkins Open 2012"]
[Site "Leicester ENG"]
[Date "2012.09.29"]
[Round "2"]
[White "Fletcher,Michael JW"]
[Black "Mercs,P"]
[Result "0-1"]
[WhiteElo "1816"]
[BlackElo "2106"]

1.e4 c5 2.Nf3 d6 3.d4 cxd4 4.Nxd4 Nf6 5.Nc3 Nc6 6.Bg5 e6 7.Qd2 Be7 8.O-O-O Nxd4
9.Qxd4 O-O 10.f4 a6 11.Be2 Qa5 12.e5 dxe5 13.Qxe5 Qxe5 14.fxe5 Nd5 15.Bxe7 Nxe7
16.Bf3 Ng6 17.Rhe1 Rb8 18.Na4 b5 19.Nc5 b4 20.Rd4 Rb5 21.Nd3 a5 22.h4 Ne7
23.g4 Bb7 24.Bxb7 Rxb7 25.Nf4 g6 26.Rd6 Rb5 27.Re4 Rc8 28.Nd3 Nd5 29.Kd2 Rb7
30.Ra6 Rbc7 31.Ne1 Rc4 32.Rxc4 Rxc4 33.h5 gxh5 34.gxh5 Rh4 35.Rxa5 Rxh5 36.Nd3 Rh2+
37.Kc1 h5 38.Rc5 h4 39.Rc4 Ne3 40.Re4 Nf5 41.Rxb4 h3 42.Rg4+ Kf8 43.a4 Rg2
44.Rf4 h2  0-1

[Event "Leicester H.E. Atkins Open 2012"]
[Site "Leicester ENG"]
[Date "2012.09.30"]
[Round "4"]
[White "Mercs,P"]
[Black "Hynes,A"]
[Result "1-0"]
[WhiteElo "2106"]
[BlackElo "2188"]

1.e4 c5 2.Nf3 d6 3.d4 cxd4 4.Nxd4 Nf6 5.Nc3 Nc6 6.Bg5 e6 7.Qd2 a6 8.O-O-O Bd7
9.h4 b5 10.f3 b4 11.Nce2 a5 12.Nxc6 Bxc6 13.Nd4 Qb6 14.Nxc6 Qxc6 15.Bxf6 gxf6
16.Kb1 Be7 17.Bd3 h5 18.f4 Rb8 19.f5 a4 20.fxe6 fxe6 21.Qe2 Qc5 22.Bc4 Kf7
23.Rhf1 Rhc8 24.b3 Qa5 25.bxa4 Qxa4 26.Bb3 Qa5 27.Rf5 Rc5 28.Rdf1 Qb6 29.g4 Bd8
30.g5 d5 31.Rxf6+ Bxf6 32.Rxf6+ Kg7 33.exd5 Rf8 34.Rxe6 Rc6 35.Qe5+ Kg8 36.dxc6  1-0

[Event "Leicester H.E. Atkins Open 2012"]
[Site "Leicester ENG"]
[Date "2012.09.30"]
[Round "5"]
[White "Adair,J"]
[Black "Mercs,P"]
[Result "1/2-1/2"]
[WhiteElo "2292"]
[BlackElo "2106"]

1.e4 c5 2.Nf3 d6 3.d4 cxd4 4.Nxd4 Nf6 5.Nc3 Nc6 6.Bg5 e6 7.Qd2 Be7 8.O-O-O Nxd4
9.Qxd4 a6 10.f3 b5 11.h4 O-O 12.Kb1 Bb7 13.Qd2 Rc8 14.Bd3 d5 15.e5 Nd7 16.f4 f6
17.exf6 Bxf6 18.Ne2 Qb6 19.Ng3 Nc5 20.Nh5 Bxb2 21.Kxb2 Na4+ 22.Ka1 Nc3 23.Be7 Rf7
24.Bb4 Nxd1 25.Rxd1 g6 26.Ng3 Qd4+ 27.Kb1 Qxf4 28.Qe1 Qxh4 29.Bd6 Qg4 30.Rd2 Re8
31.Qe5 Bc8 32.Be2 Qh4 33.Bf3 Bd7 34.Ne2 Qf6 35.Nd4 Qxe5 36.Bxe5 b4 37.Nb3 Bb5
38.Nc5 Bc4 39.Bg4 Rf1+ 40.Kb2 Kf7 41.Nb7 Ra8 42.Nd6+ Ke7 43.Nxc4 dxc4 44.Bd6+ Kf6
45.Bxb4 Rb8 46.Kc3 h5 47.Bf3 h4 48.Bd6 Rb6 49.Bc7 Rb5 50.a4 Rf5 51.Bd8+ Kg7
52.Bxh4 g5 53.Bf2 g4 54.Bxg4 R5xf2 55.Rxf2 Rxf2 56.Bxe6 Rxg2 57.Bxc4 a5 58.Be6 Kf6
59.Bc8 Ke5 60.Kd3 Kd6 61.Kc3 Kc5 62.Kb3  1/2-1/2

[Event "3rd Copa Latino-Americana"]
[Site "Cali COL"]
[Date "2012.10.05"]
[Round "2.10"]
[White "Ruiz C,J"]
[Black "Saladen,R"]
[Result "1/2-1/2"]
[WhiteElo "2315"]
[BlackElo "2212"]

1.e4 c5 2.Nf3 d6 3.d4 cxd4 4.Nxd4 Nf6 5.Nc3 Nc6 6.Bg5 e6 7.Qd2 a6 8.O-O-O Bd7
9.Nxc6 Bxc6 10.f3 h6 11.Be3 h5 12.Ne2 d5 13.e5 Nd7 14.f4 Nc5 15.Nd4 g6 16.Kb1 Qc7
17.Be2 b5 18.g3 Na4 19.h3 b4 20.g4 Rb8 21.Ka1 Bd7 22.Nb3 a5 23.Bd4 Nb6 24.Nxa5 Ra8
25.Bxb6 Qxb6 26.Nb3 Qa7 27.Nc1 Bc5 28.Kb1 b3 29.cxb3 Be3 30.Qb4 Bxc1 31.Rxc1 Qxa2+
32.Kc2 Rc8+ 33.Kd3 Qxb2 34.Rxc8+ Bxc8 35.Ke3 d4+ 36.Qxd4 Qxb3+ 37.Bd3 hxg4
38.h4 O-O 39.h5 Bb7 40.Rb1 Qd5 41.Qxd5 Bxd5 42.hxg6 fxg6  1/2-1/2

[Event "3rd Copa Latino-Americana"]
[Site "Cali COL"]
[Date "2012.10.05"]
[Round "2.16"]
[White "Vacca,L"]
[Black "Pazos Gambarrotti,P"]
[Result "0-1"]
[WhiteElo "2050"]
[BlackElo "2271"]

1.e4 c5 2.Nf3 Nc6 3.d4 cxd4 4.Nxd4 Nf6 5.Nc3 d6 6.Bg5 Qb6 7.Nb3 e6 8.Be2 Be7
9.O-O a6 10.Kh1 Qc7 11.a4 b6 12.f4 O-O 13.Bf3 Bb7 14.Qe1 Rfe8 15.Qg3 Kh8
16.Rae1 Nd7 17.Bh5 g6 18.Bd1 Rg8 19.Re3 Nc5 20.Nd2 Rae8 21.Qh4 f5 22.Rfe1 Rg7
23.Nf3 Reg8 24.Qh3 Bxg5 25.Nxg5 Bc8 26.Qh4 Rf8 27.Rh3 fxe4 28.Ncxe4 Nxe4
29.Rxe4 e5 30.Rc3 d5 31.Re1 Rxf4 32.Qh6 d4 33.Rc4 b5 34.Rc5 Qd6 35.b4 Qf8
36.Bf3 e4 37.Nxe4 Rxf3 38.gxf3 Qxf3+ 39.Kg1 Bh3 40.Qd2 Re7 41.Rxc6 Rxe4 42.Rxe4 Qxe4  0-1

[Event "3rd Copa Latino-Americana"]
[Site "Cali COL"]
[Date "2012.10.06"]
[Round "4.15"]
[White "Navia,E"]
[Black "Pazos Gambarrotti,P"]
[Result "1/2-1/2"]
[WhiteElo "2057"]
[BlackElo "2271"]

1.e4 c5 2.Nf3 d6 3.d4 cxd4 4.Nxd4 Nf6 5.Nc3 Nc6 6.Bg5 Qb6 7.Nb3 e6 8.Qd2 Be7
9.O-O-O O-O 10.f3 a6 11.g4 Qc7 12.h4 Ne5 13.Qg2 b5 14.Bxf6 Bxf6 15.g5 Be7
16.f4 Nc4 17.Bxc4 Qxc4 18.Rd4 Qc7 19.Ne2 b4 20.Ng3 a5 21.Rd2 Bb7 22.Nd4 Rac8
23.f5 Rfe8  1/2-1/2

[Event "3rd Copa Latino-Americana"]
[Site "Cali COL"]
[Date "2012.10.06"]
[Round "5.36"]
[White "Diaz,C"]
[Black "Bravo,Juan Eduardo"]
[Result "1-0"]
[WhiteElo "1950"]
[BlackElo "1740"]

1.e4 c5 2.Nf3 Nc6 3.d4 cxd4 4.Nxd4 Nf6 5.Nc3 d6 6.Bg5 e6 7.f4 Be7 8.Qd2 a6
9.O-O-O Qc7 10.Kb1 h6 11.Bxf6 gxf6 12.f5 Bd7 13.Be2 h5 14.Bc4 Ne5 15.fxe6 Nxc4
16.exd7+ Qxd7 17.Qf4 Qg4 18.Qxg4 hxg4 19.Nd5 Bd8 20.b3 Ne5 21.Rdf1 Rh6 22.Nf5 Rg6
23.Nxd6+  1-0

[Event "TCh-Moscow 2012"]
[Site "Moscow RUS"]
[Date "2012.10.07"]
[Round "7.1"]
[White "Tilicheev,V"]
[Black "Ulko,J"]
[Result "1/2-1/2"]
[WhiteElo "2397"]
[BlackElo "2448"]

1.e4 c5 2.Nf3 Nc6 3.d4 cxd4 4.Nxd4 Nf6 5.Nc3 d6 6.Bg5 e6 7.Qd2 Be7 8.O-O-O Nxd4
9.Qxd4 O-O 10.f4 Qa5 11.e5 dxe5 12.Qxe5 Qxe5 13.fxe5 Nd5 14.Bxe7 Nxe7 15.Bd3 Nc6
16.Rhe1 Rd8 17.b4 Kf8 18.b5 Nb8 19.Re3 Ke7 20.Rg3 g6 21.Rh3 Nd7 22.Re1 h5
23.g4 hxg4 24.Rh7 Rg8 25.a4 g5 26.a5 Rb8 27.Nd1 Nf8 28.Rh5 Bd7 29.c4 Ng6
30.Rxg5 Nf4 31.Rxg8 Rxg8 32.Bf1 g3 33.hxg3 Rxg3 34.Re3 Rg1 35.Bd3 Nxd3+ 36.Rxd3 a6
37.bxa6 bxa6 38.Kd2 Rg5 39.Re3 f6 40.exf6+ Kxf6 41.Ra3 Bc6 42.Ne3 Ke5 43.Rd3 Be4
44.Rb3 Kd4 45.c5 Rxc5 46.Rb6 Rc6 47.Rb4+ Ke5 48.Rb6 Rxb6 49.axb6 Kd4 50.Ng4 Bb7
51.Nf6 Kc5 52.Nd7+ Kb5 53.Nf8 e5 54.Nd7 e4 55.Nf6  1/2-1/2

[Event "e2e4 High Wycombe October Open"]
[Site "High Wycombe ENG"]
[Date "2012.10.14"]
[Round "4.10"]
[White "Burrows,M"]
[Black "Taylor,Adam C"]
[Result "1-0"]
[WhiteElo "2108"]
[BlackElo "1952"]

1.e4 c5 2.Nf3 Nc6 3.d4 cxd4 4.Nxd4 Nf6 5.Nc3 d6 6.Bg5 Qa5 7.Bxf6 gxf6 8.Nb3 Qd8
9.Qh5 Be6 10.O-O-O Qc8 11.Be2 f5 12.Rhe1 Bg7 13.Bd3 Bxc3 14.bxc3 Ne5 15.Bb5+ Kd8
16.exf5 Bxb3 17.axb3 Qxc3 18.Kb1 Rc8 19.Qe2 Rc5 20.f4 Qb4 21.fxe5 Rxb5 22.exd6 exd6
23.Qe7+ Kc8 24.Qxf7 Rd8 25.Qe6+ Kb8 26.Re4 Qc5 27.f6 Ra5 28.b4 Rb5 29.Qb3 Qh5
30.Rf1 Rf5 31.Ref4 Rxf4 32.Rxf4 Qd1+ 33.Kb2 Qe1 34.Qc3 Qe6 35.g4 Rc8 36.Qd4 Qe2
37.Qe4 Qxh2 38.Qd4 Qe2 39.Qe4 Qh2 40.Rf5 Qh6 41.g5 Qf8 42.Qe7 Re8 43.Qg7 Qg8
44.Qd7 Rd8 45.Qe7 a6 46.b5 Qe8 47.bxa6 bxa6 48.Rf3 Qd7 49.Qxd7  1-0

[Event "FSIM October 2012"]
[Site "Budapest HUN"]
[Date "2012.10.15"]
[Round "9.3"]
[White "Lengyel,B"]
[Black "Nguyen Huynh Minh Huy"]
[Result "1/2-1/2"]
[WhiteElo "2252"]
[BlackElo "2438"]

1.e4 c5 2.Nf3 d6 3.d4 cxd4 4.Nxd4 Nf6 5.Nc3 Nc6 6.Bg5 e6 7.Be2 Be7 8.O-O O-O
9.Be3 a6 10.f4 Bd7 11.Nb3 b5 12.Bf3 Qc7 13.Qd2  1/2-1/2

[Event "Danilo Batricevic Mem Balkan GP"]
[Site "Cetinje MNE"]
[Date "2012.10.20"]
[Round "1.9"]
[White "Vukcevic,N"]
[Black "Stojanovic,Da"]
[Result "0-1"]
[WhiteElo "2078"]
[BlackElo "2488"]

1.e4 c5 2.Nf3 Nc6 3.d4 cxd4 4.Nxd4 Nf6 5.Nc3 d6 6.Bg5 Qb6 7.Nb3 e6 8.Qd2 Be7
9.O-O-O O-O 10.f3 Rd8 11.Qe1 a6 12.g4 Qc7 13.h4 b5 14.Be3 Ne5 15.g5 Nfd7
16.Nd4 b4 17.Nce2 Nc4 18.Ng3 Nxe3 19.Qxe3 Qc5 20.Qb3 Nf8 21.f4 d5 22.exd5 Bb7
23.Bg2 Bxd5 24.Bxd5 Rxd5 25.Nde2 Rad8 26.Rxd5 Rxd5 27.Rd1 Rxd1+ 28.Kxd1 Qf2
29.h5 e5 30.fxe5 a5 31.Qd5 Bxg5 32.Qe4 h6 33.c3 bxc3 34.bxc3 Qb6 35.Kc2 Qe6
36.c4 Nd7 37.Qd5 Qxd5 38.cxd5 Nxe5 39.Kc3 Bf6 40.Ne4 Nd7+ 41.Kc4 g6 42.d6 gxh5
43.Kd5 Bd8 44.Kc6 Ne5+ 45.Kb7 f5 46.Nc5 Kf7 47.Kc8 Bg5 48.d7 Nc6 49.Kc7 Nd8
50.Kd6 Be7+ 51.Kc7 h4 52.Nf4 h5 53.a4 Bf6 54.Nxh5 Bg5  0-1

[Event "13th Liberec Open 2012"]
[Site "Liberec CZE"]
[Date "2012.10.23"]
[Round "5"]
[White "Gungl,T"]
[Black "Klecker,T"]
[Result "1-0"]
[WhiteElo "1845"]
[BlackElo "2187"]

1.e4 c5 2.Nf3 Nc6 3.d4 cxd4 4.Nxd4 Nf6 5.Nc3 d6 6.Bg5 e6 7.Qd2 a6 8.O-O-O Bd7
9.f3 Be7 10.h4 h5 11.Kb1 Qa5 12.Nb3 Qc7 13.Bf4 Ne5 14.Be2 b5 15.a3 Rb8 16.Na2 Bc8
17.Qc3 Qxc3 18.Nxc3 b4 19.axb4 Rxb4 20.Rd4 Rxd4 21.Nxd4 Nfd7 22.g3 Nc5 23.Rd1 Bb7
24.b4 Ncd7 25.b5 a5 26.Nb3 a4 27.Nxa4 d5 28.Na5 Ba8 29.Bxe5 Nxe5 30.f4 Bb4
31.Nb3 Ng4 32.c3 Be7 33.Nb6 Bb7 34.Bxg4 hxg4 35.exd5 Bd8 36.Nc5 Bxb6 37.Nxb7 exd5
38.Rxd5 Ke7 39.c4 Bf2 40.Nd6 g6 41.Ne4 Bb6 42.c5 Ba5 43.Re5+ Kd7 44.c6+ Kc7
45.Re7+ Kb8 46.Rb7+ Ka8 47.b6 Bxb6 48.Rxb6 f5 49.Nd6 g5 50.hxg5 Rh7 51.Nxf5 Rf7
52.g6 Rf8 53.g7 Rg8 54.c7 Ka7 55.Rb8  1-0

[Event "Danilo Batricevic Mem Balkan GP"]
[Site "Cetinje MNE"]
[Date "2012.10.24"]
[Round "6.16"]
[White "Vukcevic,N"]
[Black "Draskovic,L"]
[Result "1/2-1/2"]
[WhiteElo "2078"]
[BlackElo "2330"]

1.e4 c5 2.Nf3 d6 3.d4 cxd4 4.Nxd4 Nf6 5.Nc3 Nc6 6.Bg5 e6 7.Qd2 Be7 8.O-O-O Nxd4
9.Qxd4 O-O 10.f4 Qa5 11.h4 e5 12.Qe3 exf4 13.Bxf4 Be6 14.Bxd6 Bxd6 15.Rxd6 Rac8
16.a3 Rfe8 17.Be2 Nd7 18.Rhd1 Ne5 19.Qd4 Nc6 20.Qa4 Qe5 21.Kb1 Qg3 22.Bf3 Qxh4
23.Nd5 Bxd5 24.R6xd5 g6 25.Qb5 Rc7 26.Rd7 Qf4 27.Qd5 Rxd7 28.Qxd7 Re7 29.Qc8+ Kg7
30.Rd7 Rxd7 31.Qxd7 Ne5 32.Qd4 b6 33.c4 Qf6 34.Be2 h5 35.b4 Qe6 36.Kc2 h4
37.c5 bxc5 38.bxc5 f6 39.Qd5 Qe8 40.Qb7+ Kh6 41.Bb5 Qe6 42.Qd5 Qc8 43.c6 Qc7
44.Kc3 g5 45.Kb4 Qb6 46.Kc3 Qa5+ 47.Kb3 a6 48.Ba4 Qb6+ 49.Kc3 Qe3+ 50.Kb4 Qe1+
51.Kb3 Qb1+ 52.Kc3 Qc1+ 53.Kb4 Qe1+ 54.Kb3 Qb1+ 55.Kc3  1/2-1/2

[Event "TCh-SVK Extraliga 2012-13"]
[Site "Slovakia SVK"]
[Date "2012.10.27"]
[Round "1.3"]
[White "Mazur,Ste"]
[Black "Malinovsky,K"]
[Result "1/2-1/2"]
[WhiteElo "2388"]
[BlackElo "2396"]

1.e4 c5 2.Nf3 d6 3.d4 cxd4 4.Nxd4 Nf6 5.Nc3 Nc6 6.Bg5 e6 7.Qd2 a6 8.O-O-O h6
9.Nxc6 bxc6 10.Bf4 d5 11.Qe3 Be7 12.Be2 O-O 13.h4 Bb4 14.e5 Nh7 15.a3 Be7
16.Bd3 f5 17.exf6 Nxf6 18.Ne2 Ng4 19.Qg3 e5 20.Bxe5 Qb6 21.f4 Bc5 22.Bc3 Bf2
23.Qf3 Be3+ 24.Kb1 Nf2 25.Qg3 Bg4 26.h5 Ra7 27.Rdf1 Bxe2 28.Bxe2 Nxh1 29.Qg6 Bd4
30.Bxd4 Qxd4 31.Bd3 Nf2 32.Qh7+ Kf7 33.Qg6+ Kg8 34.Qh7+ Kf7 35.Qg6+ Kg8 36.Qh7+  1/2-1/2

[Event "Vizag GM Open 2012"]
[Site "Visakhapatnam IND"]
[Date "2012.10.27"]
[Round "3.19"]
[White "Deepak,Ka"]
[Black "Ashwin,J"]
[Result "1/2-1/2"]
[WhiteElo "2241"]
[BlackElo "2480"]

1.e4 c5 2.Nf3 d6 3.d4 cxd4 4.Nxd4 Nf6 5.Nc3 Nc6 6.Bg5 e6 7.Qd2 a6 8.O-O-O Be7
9.f4 Bd7 10.Nf3 b5 11.Bxf6 gxf6 12.Kb1 Qb6 13.f5 O-O-O 14.g3 Kb8 15.fxe6 fxe6
16.Bh3 Bc8 17.Qe1 Rhe8 18.Ne2 Bf8 19.Rf1 Bg7 20.Nf4 Re7 21.Rf2 Bh6 22.c3 a5
23.Nd4 Nxd4 24.cxd4 Bxf4 25.gxf4 b4 26.Rc2 Bb7 27.Bg2 Rg8 28.Bf3 Reg7 29.Qf2 e5
30.f5 Re7 31.Qd2 exd4 32.Qxd4 Qxd4 33.Rxd4 Rc7 34.Rcd2 Rgc8 35.Rd1 Rc2 36.R4d2 Rxd2
37.Rxd2 Kc7 38.Rg2 Re8 39.Rg7+ Kb6 40.Rd7 Bxe4+ 41.Bxe4 Rxe4 42.Rxd6+ Kb5
43.Rxf6 Re1+ 44.Kc2 Re2+ 45.Kb1 Rxh2 46.b3 Rh1+ 47.Kb2 Rh2+ 48.Kb1 Rh1+ 49.Kb2  1/2-1/2